000 00529 a2200205 4500
003 404127
005 20251125151932.0
022 _a03319970
040 _c Nile University of Nigeria.
_erda
050 _aK 60 . N5
082 _aK 60 . N5
245 _a NNAMDI AZIKIWE UNIVERSITY JOURNAL OF HUMAN RIGHTS LAW
250 _avol 2{1}2025
260 _aAwka
_bAmaka Dreams
_c2025
264 _aAwka
_bAmaka Dreams
_c2025
300 _bv, 189 pg, 35cm
336 _2rdacontent
338 _2rdacarrier
942 _2lcc
_cSERIAL
999 _c44034
_d44034